[Event "FIDE World Bl Team Pool C"]
[Site "London ENG"]
[Date "2025.06.14"]
[Round "5.2"]
[White "Bilguun, Sumiya"]
[Black "Shogdzhiev, Roman"]
[Result "1-0"]
[WhiteTitle "GM"]
[BlackTitle "FM"]
[WhiteElo "2451"]
[BlackElo "2402"]
[WhiteTeam "Mongolia-B"]
[BlackTeam "Rookies"]
[WhiteFideId "4901541"]
[BlackFideId "55653537"]
[EventDate "2025.06.14"]
[EventType "team"]

1. e4 c5 2. Nc3 d6 3. f4 Nc6 4. Nf3 g6 5. Bc4 Bg7 6. O-O e6 7. d4 cxd4 8. Nb5
Nge7 9. Bb3 Na5 10. Nbxd4 O-O 11. Be3 b6 12. Kh1 Nxb3 13. axb3 Bb7 14. Qd3 a6
15. Rad1 d5 16. e5 Rc8 17. Bf2 Qd7 18. Bh4 Nf5 19. Nxf5 exf5 20. c4 Bc6 21. Rfe1
d4 22. Nxd4 Be4 23. Qe2 Qb7 24. b4 Rfe8 25. b3 Bf8 26. b5 axb5 27. Nxb5 Ra8 28.
Nc3 Bc6 29. Nd5 Bg7 30. Qf2 b5 31. Qc5 bxc4 32. bxc4 Kh8 33. Rb1 Qc8 34. Qd6 Re6
35. Qb4 Bf8 36. Qb2 Qa6 37. Bf6+ Kg8 38. Qb3 Rae8 39. Nc7 Qc8 40. Nxe8 Rxe8 41.
Red1 Qa8 42. Qb2 Be4 43. Ra1 Qc6 44. Rac1 Ra8 45. Rd8 Rxd8 46. Bxd8 h5 47. Bf6
Qc7 48. c5 Bc6 49. Qd2 Qb7 50. h3 Kh7 51. Kh2 Qd7 52. Qxd7 1-0

[Event "FIDE World Bl Team Pool C"]
[Site "London ENG"]
[Date "2025.06.14"]
[Round "5.3"]
[White "Akhilbay, Imangali"]
[Black "Batkhuyag, Munguntuul"]
[Result "1-0"]
[WhiteTitle "FM"]
[BlackTitle "IM"]
[WhiteElo "2385"]
[BlackElo "2356"]
[WhiteTeam "Rookies"]
[BlackTeam "Mongolia-B"]
[WhiteFideId "13734857"]
[BlackFideId "4900758"]
[EventDate "2025.06.14"]
[EventType "team"]

1. e4 c5 2. Nf3 e6 3. c3 Nf6 4. e5 Nd5 5. g3 Nc6 6. Bg2 d6 7. exd6 Bxd6 8. O-O
O-O 9. d4 cxd4 10. Nxd4 Nxd4 11. Qxd4 Qc7 12. c4 Nb4 13. Nc3 Nc2 14. Qd3 Nxa1
15. Nb5 Qc5 16. Be3 Qb4 17. Qxd6 Qxd6 18. Nxd6 Nc2 19. Bc5 e5 20. Nb5 a6 21. Nc7
Rb8 22. f4 exf4 23. Rxf4 b6 24. Bxf8 Kxf8 25. Bd5 f6 26. Re4 Bf5 27. Rf4 Bd7 28.
Nxa6 Re8 29. Re4 Ne3 30. Rxe8+ Kxe8 31. Kf2 Nxd5 32. cxd5 Ke7 33. Ke3 Kd6 34.
Kd4 f5 35. Nb4 g5 36. Nd3 Bb5 37. Ne5 Be8 38. Nc4+ Kc7 39. Ke5 Bf7 40. Ne3 f4
41. gxf4 gxf4 42. Kxf4 Kd6 43. Ke4 Bg6+ 44. Kd4 b5 45. b3 Bb1 46. a4 bxa4 47.
bxa4 h5 48. Nc4+ Kd7 49. a5 Kc7 50. h4 Bf5 51. Kc5 Bc8 52. d6+ Kb7 53. Ne5 Ka6
54. d7 Bxd7 55. Nxd7 Kxa5 56. Nf6 1-0

[Event "FIDE World Bl Team Pool C"]
[Site "London ENG"]
[Date "2025.06.14"]
[Round "5.4"]
[White "Mungunzul, Bat-Erdene"]
[Black "Nurman, Alua"]
[Result "1/2-1/2"]
[WhiteTitle "WCM"]
[BlackTitle "WGM"]
[WhiteElo "2337"]
[BlackElo "2339"]
[WhiteTeam "Mongolia-B"]
[BlackTeam "Rookies"]
[WhiteFideId "4902831"]
[BlackFideId "13729390"]
[EventDate "2025.06.14"]
[EventType "team"]

1. d4 Nf6 2. c4 g6 3. Nc3 Bg7 4. e4 d6 5. Nf3 O-O 6. Be2 Nbd7 7. O-O e5 8. Re1
Re8 9. d5 Nc5 10. Bf1 a5 11. b3 Rf8 12. Rb1 Ne8 13. a3 f5 14. Nd2 Nf6 15. f3
fxe4 16. Ndxe4 Ncxe4 17. Nxe4 Nxe4 18. fxe4 Qh4 19. g3 Qe7 20. Be3 b6 21. Qd2
Bg4 22. Bg2 h5 23. h3 Bd7 24. Rf1 Bf6 25. Rf3 Rf7 26. Rbf1 Raf8 27. Bh6 Bg7 28.
Bg5 Qe8 29. Rxf7 Rxf7 30. Rxf7 Qxf7 31. Qf2 Qe8 32. Kh2 Qc8 33. b4 axb4 34. axb4
Qa6 35. c5 bxc5 36. bxc5 dxc5 37. Qxc5 Qd6 38. Qa7 c6 39. Be7 Qxe7 40. dxc6 Qd8
41. cxd7 Bf6 42. Bf1 h4 43. Bc4+ Kg7 44. g4 Bg5 45. Kg2 Be7 46. Bb5 Kh6 47. Qa1
Qb8 48. Qc1+ Bg5 49. Qc4 Qf8 50. Qd3 Bd8 51. Bc4 Qf4 52. Be6 Qc1 53. Qe2 Qf4 54.
Qd3 Qc1 55. Qe2 Qf4 56. Qd3 1/2-1/2

[Event "FIDE World Bl Team Pool C"]
[Site "London ENG"]
[Date "2025.06.14"]
[Round "5.5"]
[White "Suleimen, Ergali"]
[Black "Sodbilegt, Naranbold"]
[Result "1-0"]
[WhiteTitle "FM"]
[BlackTitle "FM"]
[WhiteElo "2302"]
[BlackElo "2363"]
[WhiteTeam "Rookies"]
[BlackTeam "Mongolia-B"]
[WhiteFideId "13724452"]
[BlackFideId "4903528"]
[EventDate "2025.06.14"]
[EventType "team"]

1. e4 c5 2. Nf3 d6 3. d4 cxd4 4. Nxd4 Nf6 5. Nc3 a6 6. f4 e6 7. Be3 Nbd7 8. Qf3
Qc7 9. O-O-O b5 10. a3 Bb7 11. Nb3 Rc8 12. Bd3 Nb6 13. Na5 Ba8 14. Qf2 Nbd7 15.
Nb3 Qb8 16. Qe2 Rxc3 17. bxc3 d5 18. e5 Bxa3+ 19. Kb1 Ng8 20. f5 Ne7 21. fxe6
fxe6 22. Qg4 Qxe5 23. Bd4 Qc7 24. Qxe6 Nf8 25. Qxa6 Bd6 26. Qxa8+ 1-0

[Event "FIDE World Bl Team Pool C"]
[Site "London ENG"]
[Date "2025.06.14"]
[Round "5.6"]
[White "Enkhbayar, Genden"]
[Black "Dauren, Darmen"]
[Result "0-1"]
[WhiteElo "1837"]
[BlackElo "2008"]
[WhiteTeam "Mongolia-B"]
[BlackTeam "Rookies"]
[WhiteFideId "4928415"]
[BlackFideId "13755579"]
[EventDate "2025.06.14"]
[EventType "team"]

1. d4 Nf6 2. c4 e6 3. Nc3 Bb4 4. Nf3 Bxc3+ 5. bxc3 b6 6. Bg5 h6 7. Bh4 Bb7 8. e3
d6 9. Bd3 Nbd7 10. O-O g5 11. Bg3 Ne4 12. Qc2 Ndf6 13. Nd2 Nxd2 14. Qxd2 Be4 15.
f3 Bxd3 16. Qxd3 Qe7 17. a4 a5 18. e4 e5 19. Rab1 Nd7 20. Rb2 Rd8 21. Rb5 O-O
22. Qe3 Qe6 23. d5 Qg6 24. h4 Nc5 25. Ra1 f5 26. exf5 Rxf5 27. Rb2 Rdf8 28. Rf2
gxh4 29. Bxh4 Rf4 30. g4 Rxc4 31. Bg3 Qg5 32. Qxg5+ hxg5 33. Kg2 e4 34. f4 e3
35. Rf3 gxf4 36. Bh4 Rxc3 37. Be7 Rf7 38. Bd8 Rc2+ 39. Kg1 Ne4 40. g5 Rf5 41. g6
Ng3 42. Re1 Ne2+ 43. Kf1 Nd4 0-1

[Event "FIDE World Bl Team Pool C"]
[Site "London ENG"]
[Date "2025.06.14"]
[Round "5.1"]
[White "D'Costa, Lorin"]
[Black "Keymer, Vincent"]
[Result "0-1"]
[WhiteTitle "IM"]
[BlackTitle "GM"]
[WhiteElo "2370"]
[BlackElo "2730"]
[WhiteTeam "Chess Rising Stars"]
[BlackTeam "Germany and Friends"]
[WhiteFideId "409219"]
[BlackFideId "12940690"]
[EventDate "2025.06.14"]
[EventType "team"]

1. d4 Nf6 2. Nf3 e6 3. c4 Nc6 4. a3 g6 5. Nc3 Bg7 6. g3 d5 7. cxd5 exd5 8. Bg2
O-O 9. O-O Re8 10. b4 Ne4 11. Bb2 Bf5 12. e3 a6 13. Rc1 h5 14. Qb3 Ne7 15. Rfd1
c6 16. a4 Qb6 17. Nd2 Nxc3 18. Bxc3 Nc8 19. b5 axb5 20. axb5 Qc7 21. Bb4 Qd7 22.
Ra1 Nd6 23. bxc6 bxc6 24. Rdc1 h4 25. Rxa8 Rxa8 26. Qc3 Ra6 27. Bf1 Nb5 28. Qb2
Bf6 29. Nb3 Qa7 30. Ra1 Ra4 31. Rxa4 Qxa4 32. Nc5 Qd1 33. Qd2 Qb1 34. Qe1 Qa2
35. Qd2 Qa8 36. Bd3 Nd6 37. Bxf5 Nxf5 38. Kg2 Nd6 39. Nd7 Ne4 40. Nxf6+ Nxf6 41.
f3 hxg3 42. hxg3 Qb8 43. Bc3 Nh5 44. Qe1 Ng7 45. g4 Ne6 46. Qd2 Qb5 47. Qb2 Qc4
48. Qd2 Ng5 49. Bb2 Qb3 50. Bc3 Qb1 51. Bb2 f5 52. gxf5 Qxf5 53. Qf2 Qh3+ 0-1

[Event "FIDE World Bl Team Pool C"]
[Site "London ENG"]
[Date "2025.06.14"]
[Round "5.2"]
[White "Bluebaum, Matthias"]
[Black "Wu, Li"]
[Result "0-1"]
[WhiteTitle "GM"]
[BlackTitle "FM"]
[WhiteElo "2663"]
[BlackElo "2278"]
[WhiteTeam "Germany and Friends"]
[BlackTeam "Chess Rising Stars"]
[WhiteFideId "24651516"]
[BlackFideId "411086"]
[EventDate "2025.06.14"]
[EventType "team"]

1. d4 Nf6 2. c4 c5 3. d5 e5 4. Nc3 d6 5. e4 h5 6. h4 g6 7. Nh3 Qe7 8. Ng5 a6 9.
a4 Bg7 10. Be2 O-O 11. O-O Nh7 12. Nxh7 Kxh7 13. Bg5 f6 14. Be3 Bh6 15. Bxh6
Kxh6 16. g3 Kg7 17. Kg2 f5 18. exf5 Bxf5 19. Bd3 Nd7 20. Qe2 Bxd3 21. Qxd3 Nf6
22. Rae1 Qd7 23. f4 exf4 24. Rxf4 Ng4 25. Re6 Ne5 26. Qe4 Rae8 27. a5 Rxe6 28.
dxe6 Qxe6 29. Qxb7+ Rf7 30. Rxf7+ Qxf7 31. Qa8 Qxc4 32. Qb7+ Qf7 33. Qa8 Qb3 34.
Qa7+ Kh6 35. Qxa6 Qxb2+ 36. Ne2 c4 37. Kf1 c3 38. Qc8 Qb1+ 39. Kf2 Ng4+ 40. Kg2
Qe4+ 41. Kg1 Qe3+ 42. Kh1 Qf3+ 43. Kg1 Qf2+ 0-1

[Event "FIDE World Bl Team Pool C"]
[Site "London ENG"]
[Date "2025.06.14"]
[Round "5.3"]
[White "Navrotescu, Andreea"]
[Black "Svane, Frederik"]
[Result "0-1"]
[WhiteTitle "WGM"]
[BlackTitle "GM"]
[WhiteElo "2333"]
[BlackElo "2667"]
[WhiteTeam "Chess Rising Stars"]
[BlackTeam "Germany and Friends"]
[WhiteFideId "675946"]
[BlackFideId "12923044"]
[EventDate "2025.06.14"]
[EventType "team"]

1. d4 Nf6 2. c4 e6 3. Nc3 d5 4. cxd5 exd5 5. Bg5 Be7 6. e3 h6 7. Bh4 O-O 8. Bd3
c6 9. f3 Re8 10. Nge2 c5 11. O-O Nc6 12. Rc1 cxd4 13. exd4 Be6 14. Bf2 Bd6 15.
Bb1 Rc8 16. a3 Na5 17. Qd3 Nc4 18. Qc2 a6 19. Rfd1 b5 20. Qb3 Qd7 21. Bh4 Nh7
22. Qc2 Nf8 23. Bf2 Bb8 24. Qb3 Bf5 25. Bxf5 Qxf5 26. a4 Bd6 27. axb5 axb5 28.
Ng3 Qg5 29. Qxb5 Bf4 30. Rb1 Red8 31. b3 Na3 32. Qb4 Nxb1 33. Nxb1 Be3 34. Nf1
Bxf2+ 35. Kxf2 Ne6 36. Qd2 Qg6 37. Nc3 Rc6 38. Ne3 Nf4 39. g3 Rdc8 40. gxf4 Rxc3
41. Rg1 Qf6 42. Nxd5 Qh4+ 43. Kg2 Rc2 0-1

[Event "FIDE World Bl Team Pool C"]
[Site "London ENG"]
[Date "2025.06.14"]
[Round "5.4"]
[White "Kollars, Dmitrij"]
[Black "Tsaknakis, Zisis"]
[Result "0-1"]
[WhiteTitle "GM"]
[BlackTitle "FM"]
[WhiteElo "2633"]
[BlackElo "2333"]
[WhiteTeam "Germany and Friends"]
[BlackTeam "Chess Rising Stars"]
[WhiteFideId "12909572"]
[BlackFideId "4259963"]
[EventDate "2025.06.14"]
[EventType "team"]

1. e4 e5 2. Nf3 Nc6 3. Bb5 a6 4. Ba4 Nf6 5. Nc3 d6 6. Bxc6+ bxc6 7. d4 exd4 8.
Nxd4 Bd7 9. O-O Be7 10. Bf4 O-O 11. h3 Qb8 12. Rb1 Re8 13. e5 dxe5 14. Bxe5 c5
15. Nb3 Bc6 16. Na5 Qb6 17. Nxc6 Qxc6 18. Re1 Rad8 19. Qc1 Nd7 20. Bg3 Bf6 21.
Rxe8+ Rxe8 22. Qd2 Nb6 23. b3 c4 24. b4 Rd8 25. Qe3 Re8 26. Qc5 Qe6 27. Nd1 h5
28. Ne3 Na4 29. Qxc7 Nc3 30. Re1 Bd4 31. Qf4 Bxe3 32. Qxe3 Qxe3 33. fxe3 Nxa2
34. Bd6 Rd8 35. Be5 Nxb4 36. Kf2 Nxc2 37. Rc1 Nb4 38. Bc7 Nd3+ 39. Kf3 Nxc1 40.
Bxd8 c3 41. Ba5 c2 0-1

[Event "FIDE World Bl Team Pool C"]
[Site "London ENG"]
[Date "2025.06.14"]
[Round "5.5"]
[White "Bird, Joel"]
[Black "Bashylina, Luisa"]
[Result "0-1"]
[BlackTitle "WFM"]
[WhiteElo "1987"]
[BlackElo "2120"]
[WhiteTeam "Chess Rising Stars"]
[BlackTeam "Germany and Friends"]
[WhiteFideId "429252"]
[BlackFideId "12983292"]
[EventDate "2025.06.14"]
[EventType "team"]

1. e4 c5 2. Nf3 d6 3. d4 cxd4 4. Nxd4 Nf6 5. Nc3 a6 6. f3 e5 7. Nb3 Be7 8. Be3
Be6 9. Qd2 b5 10. O-O-O Nbd7 11. g4 O-O 12. g5 Nh5 13. Nd5 Bxd5 14. exd5 Rc8 15.
Na5 f6 16. gxf6 Bxf6 17. Nc6 Qe8 18. Kb1 g6 19. Qb4 Nc5 20. Bh3 Ra8 21. Bxc5
dxc5 22. Qxc5 Nf4 23. Be6+ Nxe6 24. dxe6 Qxe6 25. Rd6 Qf5 26. Qd5+ Kh8 27. Rd1
Bg7 28. Rd7 Qxf3 29. a3 e4 30. Ne5 Qf6 31. c3 Qxe5 32. Qb7 Rab8 33. Qa7 e3 34.
Re7 e2 35. Rdd7 e1=Q+ 36. Ka2 Qxe7 37. Rxe7 Qf2 38. Rxg7 Qxa7 39. Rxa7 Rf2 40.
Rxa6 Rxh2 41. a4 bxa4 42. Rxa4 Rhxb2+ 43. Ka1 h5 44. Ra6 Rg2 45. c4 Re8 46. Rb6
Re1+ 47. Rb1 Rxb1+ 48. Kxb1 Rg4 0-1

[Event "FIDE World Bl Team Pool C"]
[Site "London ENG"]
[Date "2025.06.14"]
[Round "5.6"]
[White "Lobkin, Bohdan"]
[Black "Kennedy, Aden"]
[Result "1-0"]
[WhiteElo "1900"]
[BlackElo "1950"]
[WhiteTeam "Germany and Friends"]
[BlackTeam "Chess Rising Stars"]
[WhiteFideId "34115552"]
[BlackFideId "343401015"]
[EventDate "2025.06.14"]
[EventType "team"]

1. e4 c5 2. d4 cxd4 3. Qxd4 Nc6 4. Qe3 e6 5. Nc3 Be7 6. Bc4 d6 7. Qe2 Nf6 8. Bf4
a6 9. Bb3 Qc7 10. Nf3 b5 11. a3 Bb7 12. Rg1 Nd7 13. h4 O-O-O 14. O-O-O Kb8 15.
Bg5 f6 16. Bf4 Nc5 17. Ba2 Qc8 18. Be3 Ka8 19. g4 Rhe8 20. g5 f5 21. exf5 exf5
22. Qf1 g6 23. Nd5 Kb8 24. Bf4 Ne4 25. Nd2 Nxd2 26. Rxd2 Ne5 27. Qd1 Qc6 28. Kb1
Nc4 29. Bxc4 Qxc4 30. Nxe7 Qxf4 31. Nd5 Bxd5 32. Rxd5 Qe4 33. f3 Qe6 34. Qd3 Re7
35. Rd1 Red7 36. Qd4 Kb7 37. a4 bxa4 38. Qb4+ Ka8 39. Ra5 d5 40. Qxa4 Rd6 41. b3
d4 42. Qc4 Qxc4 43. bxc4 Rb6+ 44. Kc1 Rb4 45. Rc5 Kb7 46. Rd3 Kb6 47. Rd5 Rxd5
48. cxd5 Kc5 49. Kd2 Kxd5 50. Ra3 Rb6 51. Ra5+ Kc4 52. Re5 Rb5 53. Re7 a5 54.
Rxh7 a4 55. Ra7 Kb4 56. Kd3 a3 57. Kxd4 Rc5 58. Rb7+ Rb5 59. Rxb5+ Kxb5 60. Kc3
Kc5 61. h5 gxh5 62. g6 Kd6 63. g7 Ke5 64. g8=Q Kf4 65. Qg2 h4 66. Qh3 Ke3 67.
Kb3 f4 68. Kxa3 Kd2 69. Qxh4 Kxc2 70. Qxf4 Kd3 71. Qe5 Kc4 1-0

[Event "FIDE World Bl Team Pool C"]
[Site "London ENG"]
[Date "2025.06.14"]
[Round "5.1"]
[White "Gurevich, Ilya"]
[Black "Kogan, Arthur"]
[Result "1-0"]
[WhiteTitle "GM"]
[BlackTitle "GM"]
[WhiteElo "2586"]
[BlackElo "2475"]
[WhiteTeam "e-therapeutics"]
[BlackTeam "OlalaStars"]
[WhiteFideId "2000628"]
[BlackFideId "2800802"]
[EventDate "2025.06.14"]
[EventType "team"]

1. Nf3 d5 2. g3 c6 3. Bg2 Bg4 4. O-O Nd7 5. d4 Ngf6 6. Nbd2 e6 7. c3 Be7 8. Re1
h6 9. e4 O-O 10. Qb3 Qb6 11. exd5 cxd5 12. Qxb6 Nxb6 13. Ne5 Bf5 14. a4 a5 15.
Bf1 Nfd7 16. Nxd7 Nxd7 17. Bb5 Rfd8 18. Nf1 Bd6 19. Ne3 Be4 20. Ng2 e5 21. Be3
exd4 22. Bxd4 Nc5 23. Bxc5 Bxc5 24. Rad1 g5 25. Ne3 f5 26. Nxd5 Kg7 27. Nc7 Rxd1
28. Rxd1 Rc8 29. Ne6+ Kf6 30. Bd7 1-0

[Event "FIDE World Bl Team Pool C"]
[Site "London ENG"]
[Date "2025.06.14"]
[Round "5.2"]
[White "Krivenko, Dion"]
[Black "Pert, Nicholas"]
[Result "0-1"]
[WhiteTitle "FM"]
[BlackTitle "GM"]
[WhiteElo "2243"]
[BlackElo "2509"]
[WhiteTeam "OlalaStars"]
[BlackTeam "e-therapeutics"]
[WhiteFideId "4508378"]
[BlackFideId "403989"]
[EventDate "2025.06.14"]
[EventType "team"]

1. Nc3 d5 2. d4 Nf6 3. Bf4 e6 4. Nb5 Na6 5. e3 Be7 6. Nf3 Bd7 7. c3 O-O 8. a4 c6
9. Na3 c5 10. Bd3 Nb8 11. Ne5 Nc6 12. O-O Rc8 13. h3 Be8 14. Re1 Nd7 15. Nxd7
Bxd7 16. Qf3 f5 17. Qg3 Bh4 18. Qh2 c4 19. Bc2 a6 20. Rac1 h6 21. Nb1 Bf6 22.
Nd2 Be8 23. Nf3 Bh5 24. Ne5 Nxe5 25. Bxe5 Bxe5 26. Qxe5 Qf6 27. Qxf6 Rxf6 28. f4
g5 29. Kf2 Kf7 30. Bd1 Bxd1 31. Rexd1 Ke7 32. Rb1 Kd6 33. Rdc1 Rf7 34. Kf3 Rg7
35. b3 gxf4 36. exf4 Rcg8 37. Rg1 Rg3+ 38. Kf2 Rxc3 39. bxc4 Rc2+ 40. Kf3 Rc3+
41. Kf2 Rxc4 42. Rxb7 Rxd4 43. Rb6+ Ke7 44. Rxa6 Rxf4+ 45. Ke3 Re4+ 46. Kd2 Rg3
47. Ra7+ Kf6 48. a5 Ra4 49. Rb1 Ra2+ 50. Ke1 Rgxg2 51. Kf1 Rh2 52. Kg1 Rag2+ 53.
Kf1 Rh1+ 54. Kxg2 Rxb1 55. a6 Ra1 56. Ra8 Ra3 57. a7 Ke5 58. Kf2 h5 59. h4 d4
60. Ke2 Kf4 61. Kd2 e5 62. Ke2 e4 63. Kd2 d3 0-1

[Event "FIDE World Bl Team Pool C"]
[Site "London ENG"]
[Date "2025.06.14"]
[Round "5.3"]
[White "Pert, Richard G"]
[Black "Sason, Noam"]
[Result "1-0"]
[WhiteTitle "IM"]
[WhiteElo "2416"]
[BlackElo "2153"]
[WhiteTeam "e-therapeutics"]
[BlackTeam "OlalaStars"]
[WhiteFideId "404748"]
[BlackFideId "371282346"]
[EventDate "2025.06.14"]
[EventType "team"]

1. d4 Nf6 2. Nf3 c5 3. d5 b5 4. e4 Nxe4 5. Bd3 Qa5+ 6. Nbd2 Nf6 7. O-O d6 8. c4
b4 9. Re1 Nbd7 10. a3 Qc7 11. axb4 cxb4 12. Nb3 a5 13. Bg5 h6 14. Bh4 a4 15.
Nbd4 Nc5 16. Nb5 Qd8 17. Nfd4 g5 18. Bg3 Nb7 19. Nc6 Qd7 20. Rxa4 Rxa4 21. Qxa4
Bg7 22. Rxe7+ Qxe7 23. Nxe7 Kxe7 24. Qxb4 Ne8 25. Qe1+ 1-0

[Event "FIDE World Bl Team Pool C"]
[Site "London ENG"]
[Date "2025.06.14"]
[Round "5.4"]
[White "Blokhin, Sofia"]
[Black "Mortazavi, Ali"]
[Result "0-1"]
[WhiteTitle "WFM"]
[BlackTitle "IM"]
[WhiteElo "2057"]
[BlackElo "2333"]
[WhiteTeam "OlalaStars"]
[BlackTeam "e-therapeutics"]
[WhiteFideId "4508190"]
[BlackFideId "401323"]
[EventDate "2025.06.14"]
[EventType "team"]

1. d4 Nf6 2. c4 c5 3. d5 g6 4. Nc3 Bg7 5. e4 O-O 6. f3 d6 7. Be3 e6 8. Qd2 Na6
9. Be2 Nc7 10. Bd3 exd5 11. cxd5 b5 12. Nxb5 Nxb5 13. Bxb5 Rb8 14. Bc4 Qb6 15.
Rb1 Ba6 16. Bxa6 Qxa6 17. b3 c4 18. Ne2 Nd7 19. O-O Rfc8 20. bxc4 Ne5 21. Rxb8
Rxb8 22. c5 Rb2 23. Qxb2 Nxf3+ 24. gxf3 Bxb2 25. Kf2 dxc5 26. Bxc5 Qxa2 27. d6
Bf6 28. Rd1 Qc2 29. Rc1 Qa2 30. Kf1 a5 31. f4 a4 32. e5 Bh4 33. Bf2 Bxf2 34.
Kxf2 Qd5 35. Nc3 Qd2+ 36. Ne2 a3 37. Rc8+ Kg7 38. Ra8 a2 39. d7 Qxd7 40. Rxa2
Qh3 41. Rd2 Qxh2+ 42. Ke3 h5 43. Rd7 Qh3+ 0-1

[Event "FIDE World Bl Team Pool C"]
[Site "London ENG"]
[Date "2025.06.14"]
[Round "5.5"]
[White "Sivanandan, Bodhana"]
[Black "Agafonov, Yuri Dr"]
[Result "1-0"]
[WhiteTitle "WFM"]
[WhiteElo "2109"]
[BlackElo "2096"]
[WhiteTeam "e-therapeutics"]
[BlackTeam "OlalaStars"]
[WhiteFideId "497592"]
[BlackFideId "11602104"]
[EventDate "2025.06.14"]
[EventType "team"]

1. e4 d5 2. exd5 Qxd5 3. Nf3 Bf5 4. Nc3 Qd7 5. Bc4 e6 6. O-O Nc6 7. Re1 Bb4 8.
Bb5 Nge7 9. Ne5 Qd6 10. Nxc6 Nxc6 11. Ne4 Qd5 12. c4 Qd4 13. Ng3 Bg6 14. Qa4 O-O
15. Bxc6 bxc6 16. Qxb4 h5 17. Qc3 Qg4 18. d4 h4 19. Nf1 Rad8 20. h3 Qh5 21. Bf4
Rd7 22. Re5 Qh7 23. Rd1 Rfd8 24. Ree1 Bc2 25. Rd2 Bf5 26. d5 exd5 27. cxd5 Be4
28. Rde2 cxd5 29. f3 d4 30. Qa5 g5 31. Qxg5+ Qg6 32. Rxe4 d3 33. Nd2 c5 34. Re8+
Rxe8 35. Rxe8+ Kg7 36. Be5+ Kh7 37. Rh8# 1-0

[Event "FIDE World Bl Team Pool C"]
[Site "London ENG"]
[Date "2025.06.14"]
[Round "5.6"]
[White "Kiritshenko, Platon"]
[Black "Mortazavi, Sami"]
[Result "1-0"]
[WhiteElo "1587"]
[BlackElo "1805"]
[WhiteTeam "OlalaStars"]
[BlackTeam "e-therapeutics"]
[WhiteFideId "4522010"]
[BlackFideId "343443834"]
[EventDate "2025.06.14"]
[EventType "team"]

1. c4 g6 2. d4 Bg7 3. Nc3 d6 4. e4 e5 5. Nf3 Bg4 6. Be2 Nc6 7. d5 Nb8 8. O-O Nf6
9. h3 Bxf3 10. Bxf3 O-O 11. Be3 a5 12. Qb3 b6 13. Qb5 Na6 14. a3 Nc5 15. b4 axb4
16. axb4 Ncd7 17. Qc6 h6 18. Nb5 Rxa1 19. Rxa1 Ne8 20. Ra7 Qe7 21. Nxc7 Nxc7 22.
Rxc7 Rd8 23. Bg4 f5 24. exf5 g5 25. f6 Qxf6 26. Rxd7 Rxd7 27. Qxd7 e4 28. Qe6+
Qxe6 29. Bxe6+ Kf8 30. Bxb6 Ke7 31. c5 Bd4 32. cxd6+ 1-0

[Event "FIDE World Bl Team Pool C"]
[Site "London ENG"]
[Date "2025.06.14"]
[Round "5.1"]
[White "Mamedyarov, Shakhriyar"]
[Black "Zakarian, David"]
[Result "1-0"]
[WhiteTitle "GM"]
[BlackTitle "FM"]
[WhiteElo "2746"]
[BlackElo "2301"]
[WhiteTeam "Generation XYZA"]
[BlackTeam "ANI"]
[WhiteFideId "13401319"]
[BlackFideId "13301276"]
[EventDate "2025.06.14"]
[EventType "team"]

1. c4 Nf6 2. Nc3 Nc6 3. g3 g6 4. Bg2 Bg7 5. d4 d6 6. Nf3 O-O 7. O-O Rb8 8. Bf4
a6 9. Rc1 Nh5 10. Be3 Bg4 11. h3 Bxf3 12. Bxf3 Nf6 13. Bg2 e5 14. dxe5 dxe5 15.
Nd5 Nd4 16. Bd2 c6 17. Nc3 Qe7 18. e3 Ne6 19. Qe2 Rbd8 20. Rfd1 Nc5 21. Be1 e4
22. Rb1 a5 23. a3 Nd3 24. Nxe4 Nxe1 25. Nxf6+ Bxf6 26. Qxe1 Qc5 27. Rdc1 a4 28.
Bf3 Rd6 29. Bd1 Qf5 30. Qf1 b5 31. cxb5 cxb5 32. Bg4 Qe5 33. Be2 Rb8 34. Rd1 b4
35. Bc4 bxa3 36. bxa3 Rxb1 37. Rxb1 Rd2 38. Rb7 Be7 39. Qc1 Qd6 40. Bf1 Rd1 41.
Qc8+ Kg7 42. Qc3+ Bf6 43. Qc4 Qd5 44. Qxd5 Rxd5 45. Bc4 Rd1+ 46. Kg2 Bc3 1-0

[Event "FIDE World Bl Team Pool C"]
[Site "London ENG"]
[Date "2025.06.14"]
[Round "5.2"]
[White "Kiremitciyan, Ari"]
[Black "Gurel, Ediz"]
[Result "0-1"]
[WhiteTitle "FM"]
[BlackTitle "GM"]
[WhiteElo "2271"]
[BlackElo "2636"]
[WhiteTeam "ANI"]
[BlackTeam "Generation XYZA"]
[WhiteFideId "6373445"]
[BlackFideId "44507356"]
[EventDate "2025.06.14"]
[EventType "team"]

1. Nf3 d5 2. g3 Nf6 3. Bg2 Bg4 4. h3 Bxf3 5. exf3 e6 6. O-O Be7 7. f4 O-O 8. d3
Nbd7 9. Nd2 c6 10. Nf3 a5 11. a4 b5 12. Ne5 Qc7 13. Re1 bxa4 14. Rxa4 Nb6 15.
Ra1 a4 16. c3 Bd6 17. h4 c5 18. h5 h6 19. Ng4 Nxg4 20. Qxg4 Nd7 21. c4 Nf6 22.
Qf3 dxc4 23. dxc4 e5 24. fxe5 Bxe5 25. Re3 Bd4 26. Rea3 Rae8 27. Rxa4 Re1+ 28.
Kh2 Bxf2 29. Bf4 Qd7 30. Bh3 Qd4 31. Rxe1 Bxe1 32. b3 Qb2+ 33. Bg2 Re8 34. Ra8
Rxa8 35. Qxa8+ Kh7 36. Qf3 Bc3 37. Qd3+ Kh8 38. Qd1 Bd4 39. Kh3 Qf2 40. Qf3 Qe1
41. Qa8+ Kh7 42. Qf3 Qe6+ 43. g4 Nxh5 44. Qe4+ 0-1

[Event "FIDE World Bl Team Pool C"]
[Site "London ENG"]
[Date "2025.06.14"]
[Round "5.3"]
[White "Solak, Dragan"]
[Black "Stepanyan, Henrik"]
[Result "1-0"]
[WhiteTitle "GM"]
[WhiteElo "2591"]
[BlackElo "2200"]
[WhiteTeam "Generation XYZA"]
[BlackTeam "ANI"]
[WhiteFideId "916811"]
[BlackFideId "401030"]
[EventDate "2025.06.14"]
[EventType "team"]

1. e4 e5 2. Nf3 d5 3. Nxe5 Bd6 4. d4 dxe4 5. Bc4 Bxe5 6. Qh5 Qe7 7. Qxe5 Qxe5 8.
dxe5 Nc6 9. Bf4 Nge7 10. Nc3 Ng6 11. Bg3 Ncxe5 12. Bb3 Bf5 13. O-O-O O-O 14.
Rhe1 c5 15. Bd5 Rad8 16. Bxb7 h5 17. Rxd8 Rxd8 18. Nxe4 c4 19. Nc3 Ng4 20. f3
Nf6 21. h4 Be6 22. Ne4 Nxe4 23. Bxe4 c3 24. Bxg6 1-0